00587nam a22001937a 450000500170000000800410001704000070005804100120006508200180007710000360009524500620013126000530019330000280024665000140027465000240028865000270031265000180033970000360035720220718135233.0220718b ||||| |||| 00| 0 eng d cAL aEnglish 223a052bINDI aIndian Council of World Affairs aIndia Quarterly: Special Issue on Caribbean November 2004 aNew DelhibIndian Council of World Affairsc2004 a260 p.bPBc24x15.5 cm. aCaribbean aCaribbean Economics aEthnicity and Politics aUnited States aINDIAN COUNCIL OF WORLD AFFAIRS